| 000 | 02124nam a22003137a 4500 | ||
|---|---|---|---|
| 001 | 1321 | ||
| 005 | 20230816075653.0 | ||
| 008 | 230815b cb ||||| |||| 00| 0 khr d | ||
| 020 | _a9789924340232 | ||
| 040 |
_aFISKH _beng _cFISKH _dFISKH |
||
| 082 | _a598.2 | ||
| 100 | _aSarith, Huot | ||
| 245 |
_aសត្វស្លាបនៅបឹងទន្លេសាប / _cនិពន្ធដោយ ហួត សារិទ្ធ, ស៊ិន សុវណ្ណរតនា និង ប៊ុត សុផល - គូររូបដោយ សេង វិសាល - ប្រឹក្សាយោបល់ដោយ ជិម សុភាព, Francoise Recamier និង Frederic Goes _bក្នុងតំបន់អភិរក្សព្រែកទាល់ |
||
| 250 | _aបោះពុម្ពលើកទី ៤ ខែមេសា ឆ្នាំ២០២២ | ||
| 260 |
_aPhnom Penh : _bSipar, _c2022. |
||
| 300 |
_a35 pages : _bcolor illustrations ; _c25 cm |
||
| 490 | _aស្វែងយល់ពី | ||
| 505 | _aZ | ||
| 520 | _aព្រែកទាល់ជាតំបន់អភិរក្សដែលមានសត្វស្លាបជាច្រើនប្រភេទរស់នៅ និងជាបន្ទាយពងកួនដ៏ធំមួយនៅអាស៊ីអាគ្នេយ៍។ ក្នុងនោះសត្វស្លាបមួយចំនួនកំពុងរងគ្រោះជិតផុតពូជ នៅលើពិភពលោកទៀតផង។ | ||
| 520 | _aPrek Toal is a protected area where many species of birds live and is one of the largest spawning grounds in Southeast Asia. Some of the birds are endangered in the world. | ||
| 521 |
_a890
_bLexile estimate |
||
| 521 |
_aZ
_bRaz-Plus |
||
| 650 |
_aសត្វស្លាប _vបឹងទន្លេសាប _xផុតពូជ |
||
| 650 |
_aBirds _vTonle Sap lake _xEndanger |
||
| 700 |
_aSovan Rothana, Sin _cAuthor |
||
| 700 |
_aSophal, Both _bAuthor |
||
| 700 |
_aVisal, Seng _billustrator |
||
| 942 |
_2ddc _cBK _n0 |
||
| 999 |
_c1321 _d1321 |
||